Statistics for Oklahoma City Thunder All Stars: NBA

Click here to take the quiz!

General Stats

  • This quiz has been taken 14 times
  • The average score is 11 of 25

Answer Stats

CareerCareer With ThunderAll StarsPlayer% Correct
2008-2008-201614xKevin Durant
100%
2009-2009-20199xRussell Westbrook
100%
2019-2020-2xShai Gilgeous-Alexander
92%
1991-20071991-20019xGary Payton
83%
2011-2018-20199xPaul George
75%
1990-20031990-19976xShawn Kemp
75%
2006-202012xChris Paul
67%
1997-20142003-200610xRay Allen
67%
1977-19901977-19805xDennis Johnson
58%
1978-19911978-19867xJack Sikma
50%
1982-19981984-19884xTom Chambers
50%
1999-20141999-20072xRashard Lewis
42%
1986-19981986-19911xXavier McDaniel
42%
1984-20001987-19911xDale Ellis
33%
1986-20011994-19993xDetlef Schrempf
33%
1972-19841972-19841xFred Brown
33%
1976-19871978-19842xGus Williams
33%
1970-19831971-19755xSpencer Haywood
33%
1994-20061998-20024xVin Baker
25%
1976-19841983-19845xDavid Thompson
17%
1961-19751969-19729xLenny Wilkens
17%
1973-198419815xPaul Westphal
8%
1965-19741968, 19741xWalt Hazzard
8%
1968-19751968-19721xBob Rule
0%
1977-19861979-19831xLonnie Shelton
0%

Score Distribution

Percentile by Number Answered

Percent of People with Each Score

Your Score History

You have not taken this quiz